Ten years with Guru Dutt: (Record no. 181232)

MARC details
000 -LEADER
fixed length control field 00695nam a22001937a 4500
005 - DATE AND TIME OF LATEST TRANSACTION
control field 20210906144741.0
010 ## - LCCN (DPL NO)
LC control number B-741394
020 ## - INTERNATIONAL STANDARD BOOK NUMBER
International Standard Book Number 9780143416920
Terms of availability 299.00
035 ## - SYSTEM CONTROL NUMBER
System control number B-741394
037 ## - SOURCE OF ACQUISITION
Source of stock number/acquisition Gift
082 ## - DEWEY DECIMAL CLASSIFICATION NUMBER
Classification number 791.430954
100 ## - MAIN ENTRY--PERSONAL NAME
Personal name Saran, Sathya
245 ## - TITLE STATEMENT
Title Ten years with Guru Dutt:
Remainder of title Abrar Alvi's journey /
Statement of responsibility, etc by Sathya Saran
260 ## - PUBLICATION, DISTRIBUTION, ETC. (IMPRINT)
Name of publisher, distributor, etc Penguin Books
Place of publication, distribution, etc New Delhi
Date of publication, distribution, etc 2008
270 ## - ADDRESS
Address 11 Community Centre, Panchsheel Park
City New Delhi
Postal code 110017
300 ## - PHYSICAL DESCRIPTION
Extent xii, 203p.:
Dimensions 20cm(pbk)
Other physical details ill.
942 ## - ADDED ENTRY ELEMENTS (KOHA)
Source of classification or shelving scheme Dewey Decimal Classification
Item type English Books
Classification part 791.430954
Call number suffix SAR
Holdings
Withdrawn status Lost status Not for loan Collection code Home library Current library Date acquired Source of acquisition Cost, normal purchase price Full call number Barcode Copy number Cost, replacement price Koha item type Public note
      Non-fiction Central Library Central Library 06/09/2021 Gift/Eng/18-08-2021 299.00 791.430954 SAR B-741394 1 299.00 English Books Gift

© Delhi Public Library
Hit Counter
free hit counter